[Event "Titled Tuesday intern op 18th Jul Late"]
[Site "Chess.com INT"]
[Date "2023.07.18"]
[Round "7"]
[White "Ambartsumova, Karina"]
[Black "Novosel, Lovro"]
[Result "0-1"]
[WhiteElo "2393"]
[BlackElo "2398"]
[PlyCount "86"]
[EventDate "2023.07.18"]
[EventType "swiss (blitz)"]
[EventRounds "11"]
[EventCountry "USA"]
[SourceTitle "EXT 2024"]
[Source "ChessBase"]
[SourceDate "2023.10.10"]
[SourceVersion "1"]
[SourceVersionDate "2023.10.10"]
[SourceQuality "1"]

1. d4 Nf6 2. c4 c5 3. d5 b5 4. cxb5 a6 5. b6 d6 6. Nc3 g6 7. Nf3 Bg7 8. Nd2 Nbd7 9. e4 0-0 10. Be2 Nxb6 11. 0-0 e6 12. dxe6 Bxe6 13. f4 Re8 14. Bf3 Rb8 15. Re1 Qc7 16. Nf1 Rbd8 17. Ne3 Nc4 18. f5 Nxe3 19. Bxe3 Bc4 20. Qd2 Qb8 21. Rad1 Bb5 22. Bg5 Bc6 23. Qf4 Qxb2 24. Rc1 Nd7 25. Bxd8 Bxc3 26. Re2 Qa3 27. Bg5 Ne5 28. Rf1 Bd4+ 29. Kh1 Nxf3 30. Qxf3 Qxf3 31. Rxf3 Bxe4 32. Rb3 gxf5 33. Bh6 f6 34. Rb7 c4 35. Rc7 c3 36. h4 Be5 37. Kg1 d5 38. Rg7+ Kh8 39. Ra7 d4 40. Kf2 d3 41. Re1 d2 42. Rf1 Bd4+ 43. Kg3 Bxa7 0-1

[Event "Titled Tuesday intern op 18th Jul Late"]
[Site "Chess.com INT"]
[Date "2023.07.18"]
[Round "3"]
[White "Vaibhav, Jayant Raut"]
[Black "Novosel, Lovro"]
[Result "1-0"]
[WhiteElo "2218"]
[BlackElo "2398"]
[PlyCount "39"]
[EventDate "2023.07.18"]
[EventType "swiss (blitz)"]
[EventRounds "11"]
[EventCountry "USA"]
[SourceTitle "EXT 2024"]
[Source "ChessBase"]
[SourceDate "2023.10.10"]
[SourceVersion "1"]
[SourceVersionDate "2023.10.10"]
[SourceQuality "1"]

1. d4 Nf6 2. Nf3 g6 3. Nc3 d5 4. Bg5 Bg7 5. h4 h6 6. Bf4 0-0 7. Qd2 Kh7 8. 0-0-0 Bf5 9. Ne5 Nbd7 10. f3 c5 11. e3 cxd4 12. exd4 Rc8 13. g4 Be6 14. Bd3 Nxe5 15. dxe5 Nd7 16. h5 Nxe5 17. hxg6+ fxg6 18. Bxe5 Bxe5 19. Qxh6+ Kg8 20. Qh7# 1-0